000 03637cam a22004454a 4500
001 14487835
003 OSt
005 20211105123647.0
008 060808s2007 paua b 001 0 eng
010 _a 2006025971
015 _aGBA642967
_2bnb
016 7 _a101284407
_2DNLM
016 7 _a013455326
_2Uk
020 _a9780781748025
020 _a078174802X
035 _a(OCoLC)ocm70874195
040 _aDNLM/DLC
_cDLC
_dNLM
_dBAKER
_dC#P
_dYDXCP
_dUKM
_dDLC
042 _apcc
050 0 0 _aRC86.7.M36
060 0 0 _a2006 M-146
060 1 0 _aWX 218
_bM3395i 2007
082 0 0 _a616/.028
_222
100 1 _aMarino, Paul L.
245 1 4 _aThe ICU book. /
_cPaul L. Marino ; with contributions from Kenneth M. Sutin ; illustrations by Patricia Gast.
250 _a3rd ed.
260 _aPhiladelphia:
_bLippincott Williams & Wilkins,
_c2007.
300 _axvii, 1065 p. :
_bill. ;
_c23 cm.
504 _aIncludes bibliographical references and index.
505 _aContents: 1. Basic science review: Circulatory blood flow -- Oxygen and carbon dioxide transport -- 2. Infection control in the ICU -- Alimentary prophylaxis -- Venous thromboembolism -- 3. Vascular access: Establishing venous access -- The indwelling vascular catheter -- 4. Hemodynamic monitoring: Arterial blood pressure -- The pulmonary artery catheter -- Central venous pressure and wedge pressure -- Tissue oxygenation -- 5. Disorders of circulatory flow: Hemorrhage and hypovolemia -- Colloid and crystalloid resuscitation -- Acute heart failure syndromes -- Cardiac arrest -- Hemodynamic drug infusions -- 6. Critical care cardiology: Early management of acute coronary syndromes -- Tachyarrhythmias -- 7. Acute respiratory failure: Hypoxemia and hypercapnia -- Oximetry and capnography -- Oxygen inhalation therapy -- Acute respiratory distress syndrome -- Severe airflow obstruction -- 8. Mechanical ventilation: Principles of mechanical ventilation -- Modes of assisted ventilation -- The ventilator-dependent patient -- Discontinuing mechanical ventilation -- 9. Acid-base disorders: Acid-base interpretations -- Organic acidoses --Metabolic alkalosis -- 10. Renal and electrolyte disorders: Oliguria and acute renal failure -- Hypertonic and hypotonic conditions -- Potassium -- Magnesium -- Calcium and Phosphorus -- 11. Transfusion practices in critical care: Anemia and red blood cell transfusions in the ICU -- Platelets in critical illness -- 12. Disorders of body temperature: Hyperthermia and Hypothermia syndromes -- Fever in the ICU -- 13. Inflammation and infection in the ICU: Infection, inflammation, and multiorgan injury -- Pneumonia in the ICU -- Sepsis from the abdomen and pelvis -- The immunocompromised patient -- Antimicrobial therapy -- 14. Nutrition and metabolism: Metabolic substrate requirements -- Enteral tube feeding -- Parenteral nutrition -- Adrenal and thyroid dysfunction -- 15. Critical care neurology: Analgesia and sedation -- Disorders of mentation -- Disorders of movement -- Stroke and related disorders -- 16. Toxic ingestions: Pharmaceutical toxins & antidotes --
650 0 _aCritical care medicine.
650 0 _aIntensive care units.
650 1 2 _aCritical Care.
650 2 2 _aIntensive Care Units.
700 1 _aSutin, Kenneth M.
856 4 1 _3Table of contents only
_uhttp://www.loc.gov/catdir/toc/ecip0618/2006025971.html
856 4 2 _3Publisher description
_uhttp://www.loc.gov/catdir/enhancements/fy0712/2006025971-d.html
906 _a7
_bcbc
_corignew
_d1
_eecip
_f20
_gy-gencatlg
942 _2lcc
_cBK
999 _c7929
_d15429